MARC

LEADER 00000nas a2200000 4500
001 ssj0000491245
003 WaSeSS
005 20200512172242.0
006 m d
007 cr n
008 780815c19779999pk qr p s 0 a0eng
010 |a  78642902  
016 7 |a 431495-5  |2 DE-600 
022 |l 1029-0990  |y 1029-0990 
035 |a (WaSeSS)ssj0000491245 
037 |b P.O.B. 1173, F-5/2, Islamabad, Pakistan 
040 |a DLC  |b eng  |c DLC  |d NST  |d HUL  |d NST  |d DLC  |d WAU  |d NST  |d CRL  |d SYS  |d OCLCQ  |d ZCU  |d OCLCQ  |d OCLCO  |d OCLCQ  |d OCLCF  |d ZYU  |d OCLCO  |d DEBBG  |d HUL  |d WaSeSS 
042 |a pcc 
043 |a a-pk--- 
050 0 0 |a U162  |b .S767 
082 0 4 |a 355.03/305 
210 1 |a Strateg. stud. 
222 0 |a Strategic studies 
245 0 0 |a Strategic studies  |h [electronic resource]. 
260 |a [Islamabad],  |b [Institute of Strategic Studies] 
310 |a Quarterly 
362 0 |a v. 1- Apr./June 1977- 
500 |a "Quarterly journal of the Institute of Strategic Studies." 
506 |a License restrictions may limit access. 
515 |a Some numbers combined. 
588 |a Latest issue consulted: Vol. 33, nos. 3 & 4 (autumn & winter 2013). 
650 0 |a Strategy  |v Periodicals. 
650 0 |a Military policy  |v Periodicals. 
650 0 |a World politics  |v Periodicals. 
650 7 |a Military policy.  |2 fast  |0 (OCoLC)fst01021386 
650 7 |a Strategy.  |2 fast  |0 (OCoLC)fst01134406 
650 7 |a World politics.  |2 fast  |0 (OCoLC)fst01181381 
655 0 |a Electronic journals. 
710 2 |a Institute of Strategic Studies (Islāmābād, Pakistan) 
850 |a AMAU  |a CSt-H  |a DLC  |a ICRL  |a ICU  |a MoU  |a NNC  |a NRU  |a NSyU  |a NcD  |a TxU  |a ViU  |a WaU 
853 0 0 |8 1  |a v.  |b no.  |i (year)  |j (season) 
856 4 0 |z Full text available from Research Library: 04/01/2010 to present  |u https://search.proquest.com/publication/616527 
863 4 0 |8 1  |a <1>-  |i <1977/1978>-  |x provisional